[Event "IsBank TCh-TUR"]
[Site "Konya TUR"]
[Date "2010.06.30"]
[Round "2"]
[White "Okay,I"]
[Black "Erbis,B"]
[Result "1-0"]
[WhiteElo "1865"]
[BlackElo "1950"]
[EventDate "2010.06.29"]

1. e4 d6 2. d4 Nf6 3. Nc3 g6 4. Bc4 c6 5. a4 Bg7 6. f4 d5 7. exd5 cxd5 8.
Bd3 Bf5 9. Bxf5 gxf5 10. Nf3 Ne4 11. O-O e6 12. Ne5 O-O 13. g4 f6 14. Nd3
fxg4 15. f5 g3 16. Nf4 gxh2+ 17. Kg2 exf5 18. Nxe4 fxe4 19. Ne6 Qd7 20.
Nxf8 Bxf8 21. Qh5 Nc6 22. c3 Qf7 23. Qxh2 Re8 24. Bf4 Re6 25. Kf2 Ne7 26.
Rh1 Ng6 27. Rag1 f5 28. Rg5 Be7 29. Rh5 Nxf4 30. Rxh7 Nd3+ 31. Kf1 Qg6 32.
Qb8+ Bf8 33. Rh8+ 1-0

[Event "IsBank TCh-TUR"]
[Site "Konya TUR"]
[Date "2010.06.30"]
[Round "2"]
[White "Danelia,M"]
[Black "Okay,A"]
[Result "1-0"]
[WhiteElo "2203"]
[BlackElo "1852"]
[EventDate "2010.06.29"]

1. d4 Nf6 2. c4 g6 3. Nc3 Bg7 4. e4 d6 5. f3 O-O 6. Be3 e5 7. d5 c6 8. Bd3
cxd5 9. cxd5 a6 10. Nge2 Nbd7 11. b4 Nh5 12. Qc2 Nb6 13. a4 a5 14. bxa5
Rxa5 15. O-O f5 16. Rab1 fxe4 17. Bxb6 exd3 18. Qxd3 Qg5 19. Bxa5 Bh3 20.
Rf2 Bf5 21. Ne4 Qh4 22. Rxb7 Nf4 23. Nxf4 Qxf4 24. Qd2 Qh4 25. Qg5 Qxg5 26.
Nxg5 Bh6 27. h4 Rc8 28. Bc7 1-0

[Event "IsBank TCh-TUR"]
[Site "Konya TUR"]
[Date "2010.06.30"]
[Round "2"]
[White "Sahin,Handenur"]
[Black "Gundogan,C"]
[Result "1-0"]
[WhiteElo "1656"]
[BlackElo "1816"]
[EventDate "2010.06.29"]

1. d4 d5 2. Nf3 Nf6 3. Bf4 e6 4. e3 Nbd7 5. Be2 Be7 6. O-O O-O 7. h3 c5 8.
c3 b6 9. Nbd2 Bb7 10. Re1 Rc8 11. Rc1 Re8 12. Ne5 Nxe5 13. Bxe5 Bd6 14. Nf3
Bxe5 15. Nxe5 Ne4 16. Bh5 Rc7 17. dxc5 bxc5 18. Qa4 Rf8 19. Bf3 Ng5 20. Bd1
Ba8 21. Qg4 Qf6 22. Nf3 Nxf3+ 23. Bxf3 Rb8 24. b3 Rcc8 25. Qa4 Rb7 26. e4
Re7 27. exd5 exd5 28. Bg4 Rce8 29. Qxe8+ Rxe8 30. Rxe8+ 1-0

[Event "IsBank TCh-TUR"]
[Site "Konya TUR"]
[Date "2010.06.30"]
[Round "2"]
[White "Arutinian,D"]
[Black "Savchenko,B"]
[Result "0-1"]
[WhiteElo "2566"]
[BlackElo "2642"]
[EventDate "2010.06.29"]

1. d4 Nf6 2. c4 e6 3. Nf3 c5 4. d5 d6 5. Nc3 exd5 6. cxd5 g6 7. h3 Bg7 8.
e4 a6 9. a4 Nbd7 10. Bd3 Nh5 11. Bg5 Bf6 12. Be3 Ne5 13. Be2 Nxf3+ 14. Bxf3
Ng7 15. Qd2 Be5 16. O-O O-O 17. a5 f5 18. Bg5 Qc7 19. Na4 Bd7 20. Nb6 Rae8
21. exf5 Nxf5 22. Rfe1 Bb5 23. Bg4 Qf7 24. Rab1 h5 25. Be2 Kh7 26. Bc4 Bd4
27. Rxe8 Rxe8 28. b3 Ng3 29. Be3 Bxe3 30. fxe3 Rf8 31. Kh2 h4 32. Qd1 Qf5
33. Kg1 Qe4 34. Qe1 Bxc4 35. Nxc4 Rf1+ 36. Qxf1 Nxf1 37. Rxf1 Qxd5 38. Kh2
Kg7 39. Re1 Qd3 40. e4 Qg3+ 0-1

[Event "IsBank TCh-TUR"]
[Site "Konya TUR"]
[Date "2010.06.30"]
[Round "2"]
[White "Ushenina,A"]
[Black "Goksel,D"]
[Result "1-0"]
[WhiteElo "2468"]
[BlackElo "2253"]
[EventDate "2010.06.29"]

1. d4 Nf6 2. c4 g6 3. Nc3 Bg7 4. e4 d6 5. f3 O-O 6. Bg5 Na6 7. Qd2 c5 8. d5
Nc7 9. a4 e6 10. Bd3 Re8 11. Nge2 a6 12. O-O Rb8 13. Rab1 exd5 14. cxd5 b5
15. axb5 Nxb5 16. Bxb5 axb5 17. b4 Bd7 18. Bf4 Qc7 19. bxc5 Qxc5+ 20. Be3
Qc7 21. Na2 Nxe4 22. fxe4 Rxe4 23. Rfc1 Qd8 24. Rb4 Re8 25. Bd4 Be5 26.
Nac3 Rc8 27. Kh1 Qh4 28. Bxe5 Qxb4 29. Bf6 1-0

[Event "IsBank TCh-TUR"]
[Site "Konya TUR"]
[Date "2010.06.30"]
[Round "2"]
[White "Dogan,A"]
[Black "Keler,F"]
[Result "0-1"]
[WhiteElo "2109"]
[BlackElo "2236"]
[EventDate "2010.06.29"]

1. d4 d5 2. c4 c6 3. Nf3 Nf6 4. e3 Bf5 5. Nc3 e6 6. Qb3 Qc7 7. Nh4 Be4 8.
f3 Bg6 9. Bd2 Be7 10. Nxg6 hxg6 11. O-O-O dxc4 12. Bxc4 b5 13. Bf1 a6 14.
e4 c5 15. d5 c4 16. Qc2 e5 17. Be3 Bc5 18. Qd2 Bxe3 19. Qxe3 Nbd7 20. d6
Qc5 21. Qxc5 Nxc5 22. Nd5 O-O-O 23. Bxc4 bxc4 24. Nb6+ Kb7 25. Nxc4 Nfd7
26. b4 Ne6 27. Kb2 Rc8 28. Rc1 Nf4 29. Rc2 Ka7 30. g3 Ne6 31. h4 Nd4 32.
Rc3 f6 33. Na5 Rxc3 34. Kxc3 Rc8+ 35. Kd3 Nxf3 36. h5 gxh5 37. Rxh5 Ng5 38.
a4 Nb8 39. Rh2 Rd8 40. Nc4 Nd7 41. Na5 Nb8 42. Nc4 Rd7 43. Rh8 Nf7 44. Rg8
Nxd6 45. Nxd6 Rxd6+ 46. Kc4 Rd7 47. Kc5 Kb7 48. b5 Rd4 49. bxa6+ Nxa6+ 50.
Kb5 Nc7+ 51. Ka5 Ne6 52. Re8 Nc5 53. Kb5 Nxa4 54. Re7+ Kc8 55. Rxg7 Nc3+
56. Kc6 Nxe4 57. g4 Rd6+ 58. Kb5 Kd8 59. Ra7 Rd7 60. Ra8+ Ke7 61. Kc6 Rd4
62. Ra7+ Ke6 63. Rg7 Ng5 0-1

[Event "IsBank TCh-TUR"]
[Site "Konya TUR"]
[Date "2010.06.30"]
[Round "2"]
[White "Karagollu,A"]
[Black "Sirin,A"]
[Result "1-0"]
[WhiteElo "1919"]
[BlackElo "2250"]
[EventDate "2010.06.29"]

1. e4 c5 2. Nf3 d6 3. d4 cxd4 4. Qxd4 Nc6 5. Bb5 Bd7 6. Bxc6 Bxc6 7. c4 Nf6
8. Nc3 e6 9. O-O Be7 10. Rd1 O-O 11. b3 Qc7 12. Bb2 b6 13. Ba3 Rfd8 14.
Rac1 Qb7 15. Re1 a6 16. Qd3 Be8 17. Nd4 Rac8 18. Qg3 Bf8 19. e5 Nh5 20. Qg4
dxe5 21. Bxf8 exd4 22. Qxh5 Kxf8 23. Qxh7 dxc3 24. Qh8+ Ke7 25. Qxg7 Rc5
26. Rxc3 Rd6 27. b4 Rf5 28. Qh7 Qe4 29. Rce3 Qc2 30. Qh4+ Kd7 31. c5 bxc5
32. bxc5 Qxc5 33. Rb3 Kc7 34. Qg3 Bc6 35. Rc3 Qd5 36. Rec1 Kd7 37. h4 Ke7
38. a3 Kd7 39. Kh1 Qe5 40. Qg8 Rxf2 41. Qb8 Ke7 42. Qa7+ Rd7 43. Qxf2 Bd5
44. Qc5+ Ke8 45. Qf2 Ke7 46. Rg3 Qe4 47. Rg8 Bc6 48. Rg7 Kf8 49. Rg5 Rd4
50. h5 Rd5 51. Rxd5 Bxd5 52. Rc8+ Kg7 53. h6+ Kg6 54. Rg8+ Kh5 55. Qxf7+
1-0

[Event "IsBank TCh-TUR"]
[Site "Konya TUR"]
[Date "2010.06.30"]
[Round "2"]
[White "Firat,B"]
[Black "Serin,S"]
[Result "1-0"]
[WhiteElo "2403"]
[BlackElo "1719"]
[EventDate "2010.06.29"]

1. e4 e5 2. Nf3 Nc6 3. Bb5 a6 4. Ba4 Nf6 5. O-O Nxe4 6. d4 b5 7. Bb3 d5 8.
dxe5 Be6 9. Nbd2 Nc5 10. c3 d4 11. Bxe6 Nxe6 12. cxd4 Ncxd4 13. Nxd4 Nxd4
14. Nb3 Nxb3 15. Qxb3 Bc5 16. Qg3 Qd7 17. Qxg7 O-O-O 18. Qf6 Qe6 19. Bg5
Rde8 20. Qf3 Kb8 21. a4 b4 22. Rac1 Qb6 23. Qd5 Rhg8 24. e6 f6 25. Bf4 Rg4
26. Bxc7+ Qxc7 27. Rxc5 Qb7 28. Re1 Re7 29. Rc6 Rg5 30. Qd6+ 1-0

[Event "IsBank TCh-TUR"]
[Site "Konya TUR"]
[Date "2010.06.30"]
[Round "2"]
[White "Kaplan,E"]
[Black "Arig,B"]
[Result "1/2-1/2"]
[WhiteElo "1799"]
[BlackElo "1778"]
[EventDate "2010.06.29"]

1. e4 e6 2. d4 b6 3. Bd3 Bb7 4. Ne2 d6 5. O-O Nf6 6. Nbc3 Nbd7 7. Bg5 Be7
8. f4 O-O 9. Ng3 h6 10. Bxf6 Bxf6 11. e5 dxe5 12. dxe5 Be7 13. Nh5 Bc5+ 14.
Kh1 Qh4 15. Be4 Bxe4 16. Nxe4 Rad8 17. Qf3 Bd4 18. c3 f5 19. exf6 Nxf6 20.
Nhxf6+ Bxf6 21. Qe2 Be7 22. g3 Qh3 23. Rae1 Qf5 24. Nd2 Qd5+ 25. Nf3 Qxa2
26. c4 Kh8 27. Ra1 Qb3 28. Ne5 Rf6 29. Rxa7 Bc5 30. Rxc7 Bd6 31. Nf7+ Kg8
32. Nxd8 Bxc7 33. Nxe6 Bd6 34. Rd1 Qb4 35. Nd4 Bf8 36. Nf3 Qc5 37. Kg2 Qc6
38. h4 Re6 39. Qd3 Rd6 40. Qe2 Rxd1 41. Qxd1 Qxc4 42. Ne5 Qe4+ 43. Kh3 Qf5+
44. g4 Qe6 45. Qc2 Qd5 46. Qc4 Qxc4 47. Nxc4 b5 48. Ne5 Bd6 49. Kg3 g5 50.
h5 Kg7 51. Nd3 Kf6 52. Kf3 gxf4 53. Nxf4 Ke5 54. Ke3 Bc5+ 55. Kf3 Bd4 56.
Nd3+ Kd5 57. b3 Bf6 58. Nf2 Kd4 59. Ne4 Be7 60. g5 hxg5 61. h6 g4+ 62. Kf4
Bf8 63. h7 Bg7 64. Ng5 Kc3 65. Ne6 Bh8 66. Nc7 b4 67. Nd5+ Kxb3 68. Nxb4
Kxb4 69. Kxg4 1/2-1/2

[Event "IsBank TCh-TUR"]
[Site "Konya TUR"]
[Date "2010.06.30"]
[Round "2"]
[White "Sanal,V"]
[Black "Karabayir,M"]
[Result "1-0"]
[WhiteElo "2106"]
[BlackElo "1867"]
[EventDate "2010.06.29"]

1. e4 e5 2. Nf3 Nf6 3. Nxe5 d6 4. Nf3 Nxe4 5. Nc3 Nxc3 6. dxc3 Be7 7. Bf4
Nd7 8. Qd2 O-O 9. O-O-O Nc5 10. Nd4 Ne6 11. Be3 Nxd4 12. cxd4 c6 13. f3 Be6
14. Kb1 b5 15. Bd3 a5 16. h4 b4 17. g4 a4 18. Qxb4 Qc7 19. c4 c5 20. Qc3
Rfb8 21. g5 d5 22. dxc5 Bxc5 23. cxd5 Bxd5 24. Bxc5 Bxf3 25. Rhe1 Bxd1 26.
Rxd1 Rc8 27. Rc1 Qf4 28. Rf1 Qxh4 29. Qe5 Ra5 30. Qe7 Qh5 31. g6 hxg6 32.
Qxf7+ Kh7 33. Rg1 Rc6 34. Bd4 Qh6 35. Bxg7 1-0

[Event "IsBank TCh-TUR"]
[Site "Konya TUR"]
[Date "2010.06.30"]
[Round "2"]
[White "Tandogan,Buket"]
[Black "Patel,Y"]
[Result "0-1"]
[WhiteElo "1553"]
[BlackElo "1782"]
[EventDate "2010.06.29"]

1. e4 c5 2. Nf3 Nc6 3. d4 cxd4 4. Nxd4 g6 5. c4 Nf6 6. Nc3 Nxd4 7. Qxd4 d6
8. Be2 Bg7 9. Qd1 O-O 10. Be3 Be6 11. Rc1 Qa5 12. Qd2 Rfc8 13. b3 Nd7 14.
O-O Kh8 15. Bd4 Ne5 16. f4 Nc6 17. Bxg7+ Kxg7 18. Bf3 a6 19. Qf2 b5 20. Nd5
Bxd5 21. exd5 Nb4 22. Qd2 Qb6+ 23. Kh1 a5 24. Rfe1 Ra7 25. Qe2 Qd4 26. Be4
bxc4 27. bxc4 f5 28. Bb1 Qxf4 29. Qb2+ Kg8 30. a3 Na6 31. Qc3 Nc5 32. Rf1
Qe5 33. Rfe1 Qxc3 34. Rxc3 Rb7 35. Rce3 Kf7 36. R3e2 Nb3 37. Rc2 a4 38. Ba2
Rbc7 39. Rb2 Rb7 40. Rc2 Nc5 41. h3 Rcb8 42. Ree2 Ne4 43. Kh2 Kf6 44. g3 h5
45. Kg2 Ke5 46. Kf3 Kd4 47. Kf4 Kc5 48. g4 hxg4 49. hxg4 Rh8 50. gxf5 gxf5
51. Kf3 Rh3+ 52. Kg2 Rxa3 53. Rb2 Rxb2 54. Rxb2 Nc3 55. Bb1 Nxb1 56. Rxb1
Ra2+ 57. Kf3 Kxc4 58. Rd1 a3 59. Kf4 Rf2+ 60. Ke3 Rb2 61. Kf4 a2 62. Ra1
Kxd5 63. Kxf5 Kc4 64. Ke6 Re2+ 0-1

[Event "IsBank TCh-TUR"]
[Site "Konya TUR"]
[Date "2010.06.30"]
[Round "2"]
[White "Heberla,B"]
[Black "Mirzoev,A"]
[Result "1/2-1/2"]
[WhiteElo "2532"]
[BlackElo "2555"]
[EventDate "2010.06.29"]

1. e4 e5 2. Nf3 Nf6 3. Nc3 Nc6 4. Bc4 Nxe4 5. Nxe4 d5 6. Bd3 dxe4 7. Bxe4
Bd6 8. O-O O-O 9. Re1 Re8 10. d3 h6 11. h3 Bd7 12. Bd2 Qf6 13. Bc3 Rad8 14.
Nd2 b6 15. Qf3 Qxf3 16. Nxf3 f6 17. d4 exd4 18. Nxd4 Nxd4 19. Bxd4 Kf8 20.
Bd3 Rxe1+ 21. Rxe1 Re8 22. Kf1 Rxe1+ 23. Kxe1 Ke7 24. a3 a5 25. Ke2 Be5 26.
Bxe5 fxe5 27. h4 Bc6 28. g3 Kd6 29. Ke3 Bb7 30. Be4 Bc8 31. Bd3 1/2-1/2

[Event "IsBank TCh-TUR"]
[Site "Konya TUR"]
[Date "2010.06.30"]
[Round "2"]
[White "Koc,O"]
[Black "Kucumenler,T"]
[Result "1/2-1/2"]
[WhiteElo "1851"]
[BlackElo "2111"]
[EventDate "2010.06.29"]

1. e4 c5 2. c3 Qa5 3. Nf3 Nc6 4. Na3 a6 5. Nc4 Qc7 6. d4 cxd4 7. cxd4 b5 8.
Ne3 e6 9. Bd3 Bb7 10. O-O Nge7 11. a4 bxa4 12. Rxa4 Ng6 13. g3 Nb4 14. Bb1
Be7 15. Bd2 a5 16. h4 O-O 17. h5 Nh8 18. Ng4 f6 19. Nh4 Nf7 20. f4 Bc6 21.
Ra1 Qb7 22. Re1 f5 23. Nf2 Bxh4 24. gxh4 fxe4 25. Nxe4 Qb6 26. Be3 Nd5 27.
Ng5 Nxg5 28. fxg5 Nxe3 29. Rxe3 Qxb2 30. Ra2 Qb5 31. Re5 Qb4 32. Qd3 Rf5
33. Rf2 Rb8 34. Bc2 Rbf8 35. Rfxf5 exf5 1/2-1/2

[Event "IsBank TCh-TUR"]
[Site "Konya TUR"]
[Date "2010.06.30"]
[Round "2"]
[White "Nikolova,A"]
[Black "Majdan,J"]
[Result "0-1"]
[WhiteElo "2318"]
[BlackElo "2348"]
[EventDate "2010.06.29"]

1. e4 c5 2. Nf3 Nc6 3. d4 cxd4 4. Nxd4 g6 5. Nc3 Bg7 6. Be3 Nf6 7. Bc4 Qa5
8. O-O O-O 9. Nb3 Qc7 10. f4 d6 11. Be2 b6 12. Bf3 Bb7 13. a3 Na5 14. Nxa5
bxa5 15. Rb1 Qc4 16. Qd3 Qxd3 17. cxd3 Nd7 18. d4 Nb6 19. b3 d5 20. exd5
Rfd8 21. d6 Bxf3 22. dxe7 Re8 23. Rxf3 Rxe7 24. Bf2 Rc8 25. Rd1 Rec7 26.
Ne4 Rc1 27. Rfd3 Nd5 28. g3 R8c2 29. Rxc1 Rxc1+ 30. Kg2 f5 31. Nc5 Rc2 32.
Kf3 Ra2 33. a4 Rb2 34. h3 Kf7 35. Be1 h5 36. h4 Ke7 37. Bxa5 Kd6 38. Nb7+
Kd7 39. Be1 Bf8 40. Na5 Rb1 41. Bd2 Nf6 42. Nc4 Ke6 43. Ne5 Kd5 44. Nxg6
Bd6 45. Ne5 Ne4 46. Nc4 Rg1 47. Ne3+ Ke6 48. d5+ Kf6 49. Bc3+ Kg6 50. Be5
Be7 51. d6 Rxg3+ 52. Ke2 Bxh4 53. d7 Bd8 54. Nd1 Rg2+ 55. Kf1 Rd2 56. Rxd2
Nxd2+ 57. Ke2 Nxb3 58. Bd6 Kf7 59. Ne3 Ke6 60. Bb8 Nd4+ 61. Kd3 Nc6 62. Be5
Nxe5+ 63. fxe5 Kxe5 0-1

[Event "IsBank TCh-TUR"]
[Site "Konya TUR"]
[Date "2010.06.30"]
[Round "2"]
[White "Acarbay,Ay"]
[Black "Bolat,A"]
[Result "0-1"]
[WhiteElo "1885"]
[BlackElo "2016"]
[EventDate "2010.06.29"]

1. d4 Nf6 2. c4 e5 3. dxe5 Ng4 4. Nc3 Nxe5 5. e3 Nbc6 6. f4 Ng6 7. Nf3 Bc5
8. Bd3 O-O 9. g3 Re8 10. Nd5 Nb4 11. Nxb4 Bxb4+ 12. Kf2 d6 13. h3 Bc5 14.
Bd2 a5 15. a3 a4 16. Qc2 Bd7 17. Ng5 Bc6 18. Rh2 Qf6 19. Bf5 Re7 20. h4 h6
21. Re1 Rae8 22. Rh3 Bd7 23. Bxd7 Rxd7 24. Nf3 Rde7 25. Kg2 Re4 26. Rhh1
Bxe3 27. Bc3 Qf5 28. Qxa4 Nxf4+ 29. Kf1 Qg4 30. Ne5 R4xe5 0-1

[Event "IsBank TCh-TUR"]
[Site "Konya TUR"]
[Date "2010.06.30"]
[Round "2"]
[White "Buyukasik,Betul"]
[Black "Kaya,E"]
[Result "0-1"]
[WhiteElo "1670"]
[BlackElo "2006"]
[EventDate "2010.06.29"]

1. d4 Nf6 2. c4 g6 3. Nc3 Bg7 4. e4 d6 5. Nf3 O-O 6. h3 c5 7. Be3 cxd4 8.
Nxd4 Nc6 9. Qd2 Bd7 10. Nf3 Qa5 11. Be2 Rfc8 12. O-O Ne5 13. Nxe5 Qxe5 14.
Rac1 Be6 15. Nd5 Nxe4 16. f4 Nxd2 17. fxe5 Nxf1 18. Rxf1 Bxd5 19. cxd5 Bxe5
20. b3 Rc2 21. Bc4 Rxa2 0-1

[Event "IsBank TCh-TUR"]
[Site "Konya TUR"]
[Date "2010.06.30"]
[Round "3"]
[White "Atakisi,U"]
[Black "Heberla,B"]
[Result "1/2-1/2"]
[WhiteElo "2384"]
[BlackElo "2532"]
[EventDate "2010.06.29"]

1. e4 c5 2. Nf3 d6 3. d4 cxd4 4. Nxd4 Nf6 5. Nc3 Bd7 6. Bg5 e6 7. Ndb5 Bc6
8. Bxf6 gxf6 9. Qh5 a6 10. Nd4 Bd7 11. O-O-O Nc6 12. Nb3 b5 13. f4 Qb6 14.
f5 Qe3+ 15. Kb1 Qg5 16. Qe2 Ne5 17. a3 Qf4 18. Nd4 Bh6 19. g3 Qe3 20. Qh5
Qg5 21. Qe2 Qe3 22. Qh5 Qg5 23. Qe2 1/2-1/2

[Event "IsBank TCh-TUR"]
[Site "Konya TUR"]
[Date "2010.06.30"]
[Round "3"]
[White "Marasli,T"]
[Black "Koc,O"]
[Result "1-0"]
[WhiteElo "2185"]
[BlackElo "1851"]
[EventDate "2010.06.29"]

1. d4 Nf6 2. Nf3 g6 3. Nc3 d5 4. Bf4 c6 5. e3 Bg7 6. h3 Nbd7 7. Bd3 O-O 8.
O-O Nh5 9. Bh2 f5 10. Ne2 Ndf6 11. Ne5 Ne4 12. c4 e6 13. c5 g5 14. f3 Bxe5
15. Bxe5 Nef6 16. g4 Ng7 17. Kg2 h5 18. Ng3 h4 19. Ne2 Nge8 20. Qc2 Nd7 21.
Bh2 Qf6 22. b4 a6 23. a4 Ng7 24. Bd6 Rf7 25. e4 dxe4 26. fxe4 f4 27. e5 f3+
28. Kh2 Qh6 29. Ng1 Rf4 30. Nxf3 Ne8 31. Be7 Qg7 32. Bd8 Nf8 33. Qd2 Bd7
34. Bxg5 1-0

[Event "IsBank TCh-TUR"]
[Site "Konya TUR"]
[Date "2010.06.30"]
[Round "3"]
[White "Soylemez,C"]
[Black "Buyukasik,Betul"]
[Result "1-0"]
[WhiteElo "1935"]
[BlackElo "1670"]
[EventDate "2010.06.29"]

1. d4 Nf6 2. c4 g6 3. Nf3 Bg7 4. g3 O-O 5. Bg2 d5 6. cxd5 Nxd5 7. O-O Nc6
8. Nc3 Nb6 9. d5 Na5 10. e4 c6 11. dxc6 Nxc6 12. Qe2 Bg4 13. Qe3 Qc7 14.
Nb5 Qd8 15. h3 Be6 16. Nc3 Nc4 17. Qe2 Qa5 18. Nd1 Rfd8 19. Ne3 b5 20. Re1
Rac8 21. a3 Nb4 22. Ng5 Nxe3 23. Nxe6 fxe6 24. Bxe3 Nc2 25. b4 Qa6 26. Rab1
Nxe1 27. Rxe1 Rc3 28. Bc5 Rxa3 29. Bxe7 Rd7 30. Bc5 Rad3 31. e5 Qc8 32. Bd6
Rb3 33. Qxb5 Qd8 34. Qc4 Ra3 35. Qxe6+ Kh8 36. Bc6 Rxd6 37. exd6 Rd3 38.
Qe8+ Qxe8 39. Rxe8+ 1-0

[Event "IsBank TCh-TUR"]
[Site "Konya TUR"]
[Date "2010.06.30"]
[Round "3"]
[White "Sasmazel,B"]
[Black "Aslan,C"]
[Result "1-0"]
[WhiteElo "1876"]
[BlackElo "1572"]
[EventDate "2010.06.29"]

1. e4 c5 2. Nc3 Nc6 3. g3 g6 4. Bg2 Bg7 5. d3 d6 6. f4 e6 7. Nf3 Nge7 8.
O-O O-O 9. Be3 Nd4 10. e5 Nef5 11. Bf2 Nxf3+ 12. Qxf3 Nd4 13. Qd1 dxe5 14.
fxe5 Bxe5 15. Ne4 f5 16. Nxc5 Qc7 17. b4 Nb5 18. d4 Rd8 19. c3 Bd6 20. Qb3
Kg7 21. a4 Nxc3 22. Qxc3 Rb8 23. Rac1 Kf7 24. Nxe6 1-0

[Event "IsBank TCh-TUR"]
[Site "Konya TUR"]
[Date "2010.06.30"]
[Round "3"]
[White "Mirzoev,A"]
[Black "Arutinian,D"]
[Result "1/2-1/2"]
[WhiteElo "2555"]
[BlackElo "2566"]
[EventDate "2010.06.29"]

1. d4 Nf6 2. Nf3 e6 3. c4 d5 4. e3 c5 5. dxc5 Bxc5 6. a3 dxc4 7. Qxd8+ Kxd8
8. Bxc4 Ke7 9. Nbd2 a6 10. Be2 b5 11. O-O Bb7 12. a4 bxa4 13. Rxa4 Nbd7 14.
Nb3 Bd6 15. Nfd2 Nb6 16. Ra1 Rhc8 17. Rd1 Bb4 18. Na5 Bd5 19. Ndb3 Nc4 20.
f3 Nxa5 21. Nxa5 Bxa5 22. Rxa5 Bb3 23. Re1 Bc4 24. Bd2 Bxe2 25. Rxe2 Nd7
26. Bb4+ Ke8 27. Rg5 g6 28. Ra5 Rc6 29. Bc3 Rd8 30. Rd2 Nc5 31. Rxd8+ Kxd8
32. Ra3 1/2-1/2

[Event "IsBank TCh-TUR"]
[Site "Konya TUR"]
[Date "2010.06.30"]
[Round "3"]
[White "Goksel,D"]
[Black "Karatekin,T"]
[Result "1/2-1/2"]
[WhiteElo "2253"]
[BlackElo "2265"]
[EventDate "2010.06.29"]

1. Nf3 Nf6 2. c4 c5 3. g3 Nc6 4. Bg2 g6 5. O-O Bg7 6. d4 cxd4 7. Nxd4 O-O
8. Nb3 d6 9. Nc3 Be6 10. c5 d5 11. Bg5 Qd7 12. Qd2 Rfd8 13. Rfd1 Ne4 14.
Nxe4 dxe4 15. Qxd7 Bxd7 16. Bxe4 Bxb2 17. Rab1 Bg7 18. Nd2 h6 19. Be3 Rab8
20. Nc4 Bh3 21. Rd3 Rxd3 22. exd3 Bd7 23. Bf4 e5 24. Bxc6 Bxc6 25. Bxe5 Rc8
26. Bxg7 Kxg7 27. Ne3 Rd8 28. Rd1 Bf3 29. Rd2 Rd4 30. Nc2 Ra4 31. a3 Kf6
32. d4 Be4 33. f3 Bxc2 34. Rxc2 Rxd4 35. c6 bxc6 36. Rxc6+ 1/2-1/2

[Event "IsBank TCh-TUR"]
[Site "Konya TUR"]
[Date "2010.06.30"]
[Round "3"]
[White "Sengul,C"]
[Black "Afyoncu,O"]
[Result "1-0"]
[WhiteElo "2188"]
[BlackElo "2087"]
[EventDate "2010.06.29"]

1. Nf3 Nf6 2. c4 b6 3. g3 Bb7 4. Bg2 c5 5. d4 e6 6. Nc3 cxd4 7. Qxd4 d6 8.
O-O Nbd7 9. Rd1 a6 10. b3 d5 11. cxd5 Bc5 12. Qd3 exd5 13. Bf4 h6 14. Nd4
g5 15. Be3 Ne5 16. Qd2 Neg4 17. h3 Nxe3 18. Qxe3+ Kf8 19. Qd3 Qe8 20. Qf5
Kg7 21. Nxd5 Bxd5 22. Bxd5 Rd8 23. Bc6 Qe7 24. e3 Qc7 25. Bf3 Rhe8 26. Rac1
g4 27. hxg4 Re5 28. Qc2 a5 29. Nf5+ Kf8 30. Rxd8+ Qxd8 31. Rd1 Qb8 32. Kg2
Nh7 33. Nd4 Ng5 34. Nc6 Qc7 35. Nxe5 Qxe5 36. Qf5 Qb2 37. Qf4 Kg7 38. Rd7
Kg8 39. Bd5 Qg7 40. Rd8+ Bf8 41. Qb8 Nh7 42. Qxb6 1-0

[Event "IsBank TCh-TUR"]
[Site "Konya TUR"]
[Date "2010.06.30"]
[Round "3"]
[White "Bolat,A"]
[Black "Karagollu,A"]
[Result "1/2-1/2"]
[WhiteElo "2016"]
[BlackElo "1919"]
[EventDate "2010.06.29"]

1. d4 Nf6 2. Nc3 d5 3. Bg5 c5 4. e3 cxd4 5. Qxd4 Nc6 6. Bb5 Bd7 7. Bxc6
bxc6 8. e4 Nxe4 9. Nxe4 dxe4 10. O-O-O Bg4 11. Qxd8+ Rxd8 12. Rxd8+ Kxd8
13. h3 Bh5 14. g4 Bg6 15. Ne2 Kc8 16. Be3 a6 17. Nd4 Kb7 18. Rd1 e5 19. Nb3
Kc7 20. Nc5 Bxc5 21. Bxc5 Rd8 22. b4 h5 23. a4 hxg4 24. hxg4 f6 25. a5 e3
26. Bxe3 Be4 27. g5 Bd5 28. gxf6 gxf6 29. Kb2 Rh8 30. Rd3 f5 31. Bb6+ Kc8
32. Rg3 Rh7 33. Rg5 Rf7 34. Rg8+ Kb7 35. Bc5 Rd7 36. Re8 e4 37. Be3 Rg7 38.
Kc3 Rf7 39. Bf4 Rd7 40. Re5 Bg8 41. Re8 Bf7 42. Rb8+ Ka7 43. Rb6 Bd5 44.
Be3 f4 45. Bxf4 Rb7 46. Be3 Rxb6 47. Bxb6+ Kb7 48. Kd4 Kc8 49. Bc5 Bg8 50.
Kxe4 Bh7+ 51. Ke5 Bxc2 52. Ke6 Kd8 53. Bb6+ Ke8 54. Kd6 Ba4 55. Ke6 Bb3+
56. Kf6 Bc4 57. Bc5 Bb3 58. f4 Bc4 59. f5 Bb3 60. Be3 Bc4 61. Bg5 Bb3 62.
Bh6 Bc4 63. Kg6 Bf7+ 64. Kg7 Bc4 65. Be3 Bb3 66. Bc5 Bc4 67. Kf6 Bb3 68.
Ke5 Kf7 69. Kd6 Ba4 70. Bd4 Bb5 71. Be5 Ba4 72. Kc7 Bb5 73. Kb6 Kg8 1/2-1/2

[Event "IsBank TCh-TUR"]
[Site "Konya TUR"]
[Date "2010.06.30"]
[Round "3"]
[White "Serin,S"]
[Black "Burneckas,Y"]
[Result "0-1"]
[WhiteElo "1719"]
[BlackElo "1946"]
[EventDate "2010.06.29"]

1. d4 f5 2. c4 Nf6 3. Nc3 e6 4. Bg5 Bb4 5. e3 b6 6. Bd3 Bb7 7. f3 h6 8. Bh4
O-O 9. Nge2 c5 10. a3 Bxc3+ 11. bxc3 Nc6 12. O-O Na5 13. Qc2 Ba6 14. Qa2 g5
15. Bf2 d5 16. Ng3 Bxc4 17. Bxc4 Nxc4 18. e4 f4 19. Ne2 Rc8 20. e5 Nh5 21.
Nc1 cxd4 22. cxd4 Ng7 23. Nb3 Nf5 24. g4 Nfe3 25. Rfc1 Kg7 26. Nd2 Qd7 27.
h4 h5 28. Nxc4 Nxc4 29. Kg2 hxg4 30. fxg4 f3+ 31. Kh3 Qf7 32. h5 Rh8 33.
Rxc4 Rxc4 34. Qd2 Qf4 35. Qxf4 gxf4 36. Kh4 Rc2 37. Rf1 Rhc8 38. Be1 Rc1
39. Rg1 R8c2 40. Kg5 f2 41. Bxf2 Rxg1 42. Bxg1 Rg2 0-1

[Event "IsBank TCh-TUR"]
[Site "Konya TUR"]
[Date "2010.06.30"]
[Round "3"]
[White "Karabayir,M"]
[Black "Yurtseven,M"]
[Result "1-0"]
[WhiteElo "1867"]
[BlackElo "1964"]
[EventDate "2010.06.29"]

1. d4 Nf6 2. Nf3 g6 3. Bg5 Bg7 4. c3 O-O 5. e3 d6 6. Be2 Nbd7 7. O-O c6 8.
Nbd2 Qc7 9. h3 e5 10. dxe5 dxe5 11. Nc4 Ne4 12. Be7 Re8 13. Bd6 Nxd6 14.
Nxd6 Re6 15. Nxf7 Kxf7 16. Ng5+ Ke7 17. Nxe6 Kxe6 18. Qb3+ Kf6 19. f4 e4
20. f5 gxf5 21. Rxf5+ 1-0

[Event "IsBank TCh-TUR"]
[Site "Konya TUR"]
[Date "2010.06.30"]
[Round "3"]
[White "Margvelashvili,G"]
[Black "Lastin,A"]
[Result "1/2-1/2"]
[WhiteElo "2529"]
[BlackElo "2643"]
[EventDate "2010.06.29"]

1. c4 Nf6 2. Nf3 e6 3. g3 d5 4. b3 Be7 5. Bg2 O-O 6. O-O b6 7. Bb2 Bb7 8.
e3 Nbd7 9. Nc3 Ne4 10. Ne2 c5 11. cxd5 exd5 12. Rc1 Rc8 13. Nf4 Ndf6 14. d3
Nd6 15. Ne5 b5 16. Qe2 Rc7 17. Rc2 Nc8 18. Ng4 Nb6 19. Be5 Rc8 20. Re1 Nfd7
21. Ba1 Bd6 22. Nh5 f6 23. e4 Qe8 24. Ne3 g6 25. Nf4 d4 26. Ned5 Nxd5 27.
Nxd5 Bxd5 28. exd5 Qxe2 29. Rcxe2 Ne5 30. Rd1 Rfe8 31. Kf1 a5 32. Bb2 Kg7
33. h3 f5 34. Bc1 1/2-1/2

[Event "IsBank TCh-TUR"]
[Site "Konya TUR"]
[Date "2010.06.30"]
[Round "3"]
[White "Esen,N"]
[Black "Erturan,Y"]
[Result "0-1"]
[WhiteElo "1969"]
[BlackElo "2377"]
[EventDate "2010.06.29"]

1. d4 Nf6 2. Nf3 e6 3. Bg5 h6 4. Bh4 c5 5. e3 Qb6 6. Qc1 cxd4 7. exd4 Be7
8. Nbd2 d5 9. Bd3 g5 10. Bg3 g4 11. Ne5 Qxd4 12. O-O Nc6 13. Re1 Nd7 14. c3
Qb6 15. Nxg4 h5 16. Ne5 Ndxe5 17. Bxe5 Nxe5 18. Rxe5 Bd6 19. Re2 Bd7 20. c4
Qd4 21. Qc2 O-O-O 22. Nf3 Qg7 23. c5 Bc7 24. Rc1 Rdg8 25. Ne1 Kb8 26. b4
Rc8 27. a4 e5 28. Bf5 Be6 29. a5 Bxf5 30. Qxf5 Rh6 31. Rec2 Qg6 32. Qd7 Qe6
33. Qa4 e4 34. c6 bxc6 35. b5 c5 36. Rxc5 Bxh2+ 37. Kh1 Rxc5 38. Rxc5 Bd6
39. Rc6 Qe7 40. Kg1 e3 41. Qc2 Rh8 42. b6 Re8 43. bxa7+ Kxa7 44. fxe3 Qxe3+
45. Qf2 Bg3 46. Qxe3+ Rxe3 47. Nf3 d4 48. Rf6 d3 49. Rxf7+ Ka6 50. Rf5 Re1+
51. Nxe1 d2 52. Rf1 d1=Q 53. Nf3 Qc2 54. Kh1 h4 55. Ng1 Kxa5 56. Ra1+ Kb4
57. Rf1 Qd3 58. Rb1+ Ka3 59. Rd1 Qg6 60. Rf1 Bd6 61. Rf3+ Ka4 62. Rf1 Qg3
63. Ra1+ Kb4 64. Rb1+ Kc5 65. Rc1+ Kb6 66. Rb1+ Kc7 67. Rc1+ Kd8 68. Nf3 h3
69. Rc2 hxg2+ 70. Kg1 Bc5+ 71. Rxc5 Qxf3 0-1

[Event "IsBank TCh-TUR"]
[Site "Konya TUR"]
[Date "2010.06.30"]
[Round "3"]
[White "Keler,F"]
[Black "Yuksel,G"]
[Result "1-0"]
[WhiteElo "2236"]
[BlackElo "1825"]
[EventDate "2010.06.29"]

1. e4 c5 2. Nf3 Nc6 3. d4 cxd4 4. Nxd4 g6 5. Nc3 Bg7 6. Be3 Nf6 7. Bc4 Qa5
8. O-O O-O 9. Nb3 Qc7 10. Be2 a6 11. f4 d6 12. Bf3 Be6 13. Nd5 Bxd5 14.
exd5 Na5 15. Nxa5 Qxa5 16. c3 b5 17. Qd2 Rfc8 18. Rfe1 Rab8 19. Bd4 Kh8 20.
a3 Qc7 21. a4 Qc4 22. axb5 axb5 23. f5 Rb7 24. fxg6 hxg6 25. Rf1 Rcb8 26.
Qf4 Nd7 27. Be2 Bxd4+ 28. cxd4 Qxd5 29. Bf3 Qc4 30. Rfc1 Qe6 31. Bxb7 Rxb7
32. Qh6+ 1-0